000 00645nam a2200265Ia 4500
005 20260306163738.0
008 008 260114s9999 xx 000 0 eng d
020 _a9780823272518
037 _aEBOOK
040 _aCRL
040 _beng
040 _cCRL
041 _2eng
041 _aeng
084 _qCRL
100 _aBarnes, Brinkley-rubinstein, Doykos, Martin, Mcguire
_91129278
245 0 _aAcademics In Action!
260 _bFordham University Press
260 _c2016
650 _aSocial Work
856 _uhttps://academic.oup.com/book/18486
942 _cEBOOK
999 _c1711322
_d1711322